000
00254nam a22001097a 4500
082
_a
621.381
100
_a
HOEBEEK, A. M
_9
61168
245
_a
LINEAR IC EQUIVALENTS WITH PIN CONNECTIONS
260
_a
NEWDELHI
_b
BPB
_c
1988
300
_a
247P
942
_c
BK
999
_c
570711
_d
570711